000 01019nam a2200277 a 4500
001 4051
003 BD-RjUL
005 20211208233826.0
008 131221s1957 ncu b 001 0 eng d
035 _a(BD-RjUL)4085
040 _aKSW
_cKSW
_beng
_dBD-RjUL
041 _aeng
082 0 0 _a338.91
_bBAE 1957
100 1 _aBauer, P. T.
_q(Péter Tamás)
_912887
245 1 0 _aEconomic analysis and policy in underdeveloped countries /
_cP.T. Bauer.
260 _aDurham, N.C ;
_bDuke University Press ;
_aLondon :
_bCambridge University Press,
_c1957.
300 _axiii, 145 p. ;
_c21 cm.
490 1 _aDuke University Commonwealth-Studies Center Publication ;
_vno. 4
504 _aIncludes bibliographical references and index.
650 0 _aEconomic development.
_912888
651 0 _aDeveloping countries.
_912889
710 2 _aDuke University.
_bCommonwealth-Studies Center.
_912891
830 0 _vno. 4.
_9132586
830 0 _aPublication (Duke University. Commonwealth-Studies Center) ;
_9128706
942 _2ddc
_cBK
999 _c4051
_d4051